01786nam a2200325 a 450000100100000000500170001000800410002704000250006808200290009311001120012224500500023424600560028425000120034026000330035230000240038550000340040950002410044350500460068459000260073065000590075665000420081565100690085765100480092671000690097491000370104395201300108095201130121095201200132399900170144300002643220250221073755.0110317s1997 dr a 000 0 spa d aDO-SdBNPbspacBNPHU a304.6097293bR426s, 19971 aRepública Dominicana.bSecretariado Técnico de la PresidenciabOficina Nacional de Estadística91086610aVII censo nacional de población y vivienda.10aSéptimo censo nacional de población y vivienda. a2a. ed. aSanto Domingo :bONE,c1997. av. :bil. ;c28 cm. aLa biblioteca posee v.5 , t.1 aSegunda edición de los resultados totales y definitivos del VII Censo Nacional de Población y Vivienda, referidos a las características demográficas, sociales y económicas de las viviendas de la República Dominicana"--p. [5]0 gv.5 , t.1.tDistrito Nacional, abril 1997 aInventariado, 2018/VM 4aViviendaszRepública DominicanaxCensosy1997953478 4aViviendaxEstadísticasy1997953479 4aRepública DominicanaxPoblaciónxEstadísticasy1997936718 4aRepública DominicanaxCensosy199793671912aRepública Dominicana.bOficina Nacional de Estadística95775 aValidado. Control de calidad MFF 001054708PDaGRbGRcHDd2011-03-17iLF1l0ov.5, t.1, e. 3p26432-30r2020-06-25w2020-06-25yLFPDZPréstamo en sala 0010718PDaPDbPDcHDd2011-03-17iLF1l0ov.5, t.1p26432-10r2020-06-25w2020-06-25yLFPDZNo se presta 0010718PDaPDbPDcHDd2011-03-17iLF1l0ov.5, t.1 , e. 2p26432-20r2020-06-25w2020-06-25yLFPDZNo se presta c25924d25924